Catálogo
 En Linea

Fluchtpunkt karibik : (Registro nro. 57600)

Detalles MARC
000 -CABECERA
campo de control de longitud fija 02407nam a2200385 i 4500
003 - IDENTIFICADOR DEL NÚMERO DE CONTROL
campo de control DO-SdBNP
005 - FECHA Y HORA DE LA ÚLTIMA TRANSACCIÓN
campo de control 20250630100925.0
007 - CAMPO FIJO DE DESCRIPCIÓN FÍSICA--INFORMACIÓN GENERAL
campo de control de longitud fija ta
008 - DATOS DE LONGITUD FIJA--INFORMACIÓN GENERAL
campo de control de longitud fija 240902s2009 gw abco 000 j spa d
020 ## - NÚMERO INTERNACIONAL ESTÁNDAR DEL LIBRO
Número Internacional Estándar del Libro 9783861535515
040 ## - FUENTE DE LA CATALOGACIÓN
Centro catalogador/agencia de origen DO-SdBNP
Lengua de catalogación spa
Centro/agencia transcriptor BNPHU
Normas de descripción rda
082 ## - NÚMERO DE LA CLASIFICACIÓN DECIMAL DEWEY
Número de documento/Ítem D578
Número de edición 22
100 1# - ENTRADA PRINCIPAL--NOMBRE DE PERSONA
Nombre de persona Dillmann, Hans Ulrich
9 (RLIN) 11765
Fechas asociadas al nombre 1951-
Término indicativo de función/relación autor
245 10 - MENCIÓN DE TÍTULO
Título Fluchtpunkt karibik :
Resto del título jüdische emigranten in der Dominikanischen Republik /
Mención de responsabilidad, etc. Hans Ulrich Dillmann, Susanne Heim
250 ## - MENCIÓN DE EDICIÓN
Mención de edición 1a. edición
264 #1 - PRODUCCIÓN, PUBLICACIÓN, DISTRIBUCIÓN, FABRICACIÓN Y COPYRIGHT
Producción, publicación, distribución, fabricación y copyright Berlin, Alemania :
Nombre del de productor, editor, distribuidor, fabricante Christoph links verlag,
Fecha de producción, publicación, distribución, fabricación o copyright 2009.
300 ## - DESCRIPCIÓN FÍSICA
Extensión 188 páginas,
Otras características físicas ilustraciones, mapas, retratos, fotografías
Dimensiones 24 cm.
336 ## - TIPO DE CONTENIDO
Fuente rdacontent
Término de tipo de contenido texto
Código de tipo de contenido txt
337 ## - TIPO DE MEDIO
Fuente rdamedia
Nombre/término del tipo de medio sin mediación
Código del tipo de medio n
338 ## - TIPO DE SOPORTE
Fuente rdacarrier
Nombre/término del tipo de soporte volumen
Código del tipo de soporte nc
500 ## - NOTA GENERAL
Nota general Incluye datos biográficos de los autores en la página 188.
500 ## - NOTA GENERAL
Nota general Título en español: "Punto de fuga del caribe: emigrantes judíos en la República Dominicana"
500 ## - NOTA GENERAL
Nota general Libro en aleman.
500 ## - NOTA GENERAL
Nota general Incluye abreviaturas.
500 ## - NOTA GENERAL
Nota general Incluye registro de personas.
504 ## - NOTA DE BIBLIOGRAFÍA, ETC.
Nota de bibliografía, etc. Bibliografía p: 169-183.
520 ## - SUMARIO, ETC.
Sumario, etc. Susúa es un paraíso de vacaciones popular en la República Dominicana, también para los turistas alemanes del Caribe. Hace 70 años, al comienzo de la Segunda Guerra Mundial, la pequeña ciudad actual en el norte de la isla de Hispaniola era uno de los pocos refugios seguros para los judíos. Mientras que casi todos los países cerraron sus fronteras a los refugiados de tierras nazi-alemanas, se iba a crear un proyecto insignia agrícola similar al kibutzim judío en el estado insular dictatorial. A pesar de las tremendas dificultades, los judíos alemanes y austriacos introdujeron la industria láctea en la isla caribeña, fundaron tiendas medianas, cooperativas agrícolas, un club deportivo, construyeron una sinagoga y un hospital. Hans-Ulrich Dillmann y Susanne Heim describen la historia inusual de este proyecto de asentamiento, que refleja una parte de la historia mundial del siglo XX.
590 ## - NOTA LOCAL (RLIN)
Nota local Inventariado, 2024/ YL
650 #4 - PUNTO DE ACCESO ADICIONAL DE MATERIA--TÉRMINO DE MATERIA
Término de materia o nombre geográfico como elemento de entrada Holocausto judío
Subdivisión cronológica 1939-1945
9 (RLIN) 86493
651 #0 - PUNTO DE ACCESO ADICIONAL DE MATERIA--NOMBRE GEOGRÁFICO
Nombre geográfico República Dominicana
Subdivisión general Historia
Subdivisión cronológica Era de Trujillo, 1930-1961
9 (RLIN) 78796
651 #4 - PUNTO DE ACCESO ADICIONAL DE MATERIA--NOMBRE GEOGRÁFICO
Nombre geográfico República Dominicana
Subdivisión general Política y gobierno
Subdivisión cronológica Era de Trujillo, 1930-1961
700 1# - PUNTO DE ACCESO ADICIONAL--NOMBRE DE PERSONA
Nombre de persona Heim, Susanne
Fechas asociadas al nombre 1955-
Término indicativo de función/relación autora
9 (RLIN) 86490
910 ## - DATOS DE OPCIÓN DEL USUARIO (OCLC)
Datos de opción del usuario YLockward
942 ## - ELEMENTOS DE PUNTO DE ACCESO ADICIONAL (KOHA)
Fuente del sistema de clasificación o colocación Dewey Decimal Classification
Tipo de ítem Koha Libro
Existencias
Estado de retiro Estado de pérdida Fuente del sistema de clasificación o colocación Restricciones de uso No para préstamo Código de colección Localización permanente Ubicación/localización actual Ubicación en estantería Fecha de adquisición Fuente de adquisición Total de préstamos Signatura topográfica completa Código de barras Fecha visto por última vez Precio válido a partir de Tipo de ítem Koha Nota pública
    Dewey Decimal Classification Excluido de préstamo   Patrimonio Dominicano Biblioteca Nacional Pedro Henríquez Ureña Biblioteca Nacional Pedro Henríquez Ureña En catalogación 01.03.2023 Donado por Emilio Cordero Michel   BNPHU PD D578 2024-5193 02.09.2024 02.09.2024 Libro Perteneció a la biblioteca personal de Emilio Cordero Michel

Con tecnología Koha